Fr. Conceicao Rodrigues College of Engineering

Sheet Metal Industries Year Book 1972-3 (Record no. 29079)

MARC details
000 -LEADER
fixed length control field 00310nam a2200133Ia 4500
082 ## - DEWEY DECIMAL CLASSIFICATION NUMBER
Classification number 671.8
Item number LIL
100 ## - MAIN ENTRY--PERSONAL NAME
Personal name Liloyd/Edward
245 ## - TITLE STATEMENT
Title Sheet Metal Industries Year Book 1972-3
260 ## - PUBLICATION, DISTRIBUTION, ETC.
Name of publisher, distributor, etc. Sheet Metal Industries
Place of publication, distribution, etc. London
546 ## - LANGUAGE NOTE
Language note ENGLISH
654 ## - SUBJECT ADDED ENTRY--FACETED TOPICAL TERMS
Focus term Metal Industries
942 ## - ADDED ENTRY ELEMENTS (KOHA)
Koha item type BOOK
Holdings
Withdrawn status Lost status Damaged status Not for loan Collection Home library Current library Date acquired Total Checkouts Full call number Barcode Date last seen Price effective from Koha item type
        AFT Fr. Agnel's C.Rodrigues College of Engineering Fr. Agnel's C.Rodrigues College of Engineering 17/03/2023   671.8 LIL AFT1276 17/03/2023 17/03/2023 BOOK